Liverpool: Record Transfers - Statistics

General Stats
  • This quiz has been taken 54 times
  • The average score is 21 of 25
Answer Stats
Answer % Correct
Alexander Isak
100%
Alisson
100%
Florian Wirtz
100%
Virgil Van Dijk
100%
Darwin Nunez
98%
Hugo Ekitike
98%
Luis Diaz
93%
Milos Kerkez
93%
Mohamed Salah
93%
Jeremie Frimpong
91%
Roberto Firmino
91%
Alexis Mac Allister
89%
Cody Gakpo
87%
Diogo Jota
87%
Dominik Szoboszlai
87%
Sadio Mane
87%
Ibrahima Konate
84%
Fabinho
82%
Naby Keita
80%
Alex Oxlade-Chamberlain
78%
Fernando Torres
78%
Ryan Gravenberch
73%
Andy Carroll
71%
Giovanni Leoni
58%
Christian Benteke
49%
No matching quizzes found
Score Distribution
Percent of People with Each Score
Percentile by Number Answered
Your Score History
You have not taken this quiz